Europe Capitals - Statistics

General Stats
  • This quiz has been taken 12 times
  • The average score is 43 of 51
Answer Stats
Hint Answer % Correct
Netherlands Amsterdam
100%
Greece Athens
100%
Germany Berlin
100%
Portugal Lisbon
100%
UK London
100%
Monaco Monaco
100%
Russia Moscow
100%
Norway Oslo
100%
France Paris
100%
Czechia Prague
100%
Italy Rome
100%
Bosnia Sarajevo
100%
Bulgaria Sofia
100%
Poland Warsaw
100%
Turkey Ankara
91%
Belgium Brussels
91%
Romania Bucharest
91%
Hungary Budapest
91%
Denmark Copenhagen
91%
Ireland Dublin
91%
Finland Helsinki
91%
Ukraine Kyiv
91%
Luxembourg Luxembourg
91%
Spain Madrid
91%
Belarus Minsk
91%
Iceland Reykjavik
91%
San Marino San Marino
91%
Vatican City Vatican City
91%
Austria Vienna
91%
Azerbaijan Baku
82%
Serbia Belgrade
82%
Switzerland Bern
82%
Slovakia Bratislava
82%
Cyprus Nicosia
82%
Latvia Riga
82%
Albania Tirana
82%
Liechenstien Vaduz
82%
Malta Valletta
82%
Croatia Zagreb
82%
Kazakhstan Astana
73%
Slovenia Ljubljana
73%
North Macedonia Skopje
73%
Georgia Tbilisi
73%
Lithuania Vilnius
73%
Armenia Yerevan
73%
Andorra Andorra La Vella
64%
Moldova Chisinau
64%
Montenegro Podgorica
64%
Kosovo Pristina
64%
Estonia Talinn
64%
Sweden Stockhlom
9%
No matching quizzes found
Score Distribution
Percent of People with Each Score
Percentile by Number Answered
Your Score History
You have not taken this quiz